<?xml version="1.0" encoding="UTF-8"?><?xml-stylesheet type="text/xsl" href="static/style.xsl"?><OAI-PMH xmlns="http://www.openarchives.org/OAI/2.0/" xmlns:xsi="http://www.w3.org/2001/XMLSchema-instance" xsi:schemaLocation="http://www.openarchives.org/OAI/2.0/ http://www.openarchives.org/OAI/2.0/OAI-PMH.xsd"><responseDate>2026-04-27T01:59:13Z</responseDate><request verb="GetRecord" identifier="oai:repisalud.isciii.es:20.500.12105/6771" metadataPrefix="marc">https://repisalud.isciii.es/rest/oai/request</request><GetRecord><record><header><identifier>oai:repisalud.isciii.es:20.500.12105/6771</identifier><datestamp>2024-09-27T17:17:23Z</datestamp><setSpec>com_20.500.12105_2052</setSpec><setSpec>com_20.500.12105_2051</setSpec><setSpec>col_20.500.12105_19608</setSpec></header><metadata><record xmlns="http://www.loc.gov/MARC21/slim" xmlns:dcterms="http://purl.org/dc/terms/" xmlns:doc="http://www.lyncode.com/xoai" xmlns:xsi="http://www.w3.org/2001/XMLSchema-instance" xsi:schemaLocation="http://www.loc.gov/MARC21/slim http://www.loc.gov/standards/marcxml/schema/MARC21slim.xsd">
   <leader>00925njm 22002777a 4500</leader>
   <datafield ind2=" " ind1=" " tag="042">
      <subfield code="a">dc</subfield>
   </datafield>
   <datafield ind2=" " ind1=" " tag="720">
      <subfield code="a">Shargorodsky, Josef</subfield>
      <subfield code="e">author</subfield>
   </datafield>
   <datafield ind2=" " ind1=" " tag="720">
      <subfield code="a">García-Esquinas, Esther</subfield>
      <subfield code="e">author</subfield>
   </datafield>
   <datafield ind2=" " ind1=" " tag="720">
      <subfield code="a">Galan, Iñaki</subfield>
      <subfield code="e">author</subfield>
   </datafield>
   <datafield ind2=" " ind1=" " tag="720">
      <subfield code="a">Navas-Acien, Ana</subfield>
      <subfield code="e">author</subfield>
   </datafield>
   <datafield ind2=" " ind1=" " tag="720">
      <subfield code="a">Lin, Sandra Y</subfield>
      <subfield code="e">author</subfield>
   </datafield>
   <datafield ind2=" " ind1=" " tag="260">
      <subfield code="c">2015-07-14</subfield>
   </datafield>
   <datafield ind2=" " ind1=" " tag="520">
      <subfield code="a">INTRODUCTION: Tobacco exposure has been linked with sinonasal pathology and may be associated with allergic sensitization. This study evaluates the association between exposure to active smoking or secondhand smoke (SHS) and the prevalence of rhinitis and allergic sensitization in the US adult population. METHODS: Cross-sectional study in 4,339 adults aged 20-85 in the National Health and Nutrition Examination Survey, 2005-2006. Never smoking was defined as reported lifetime smoking less than 100 cigarettes and serum cotinine levels &lt;10ng/ml, while active smoking was defined as self-reported smoking or serum cotinine concentrations > 10 ng/mL. Self-reported rhinitis was based on symptoms during the past 12 months, and allergen sensitization was defined as a positive response to any of the 19 specific IgE antigens tested. RESULTS: Almost half of the population (43%) had detectable levels of IgE specific to at least one inhaled allergen and 32% reported a history of rhinitis. After multivariate adjustment, there was a statistically significant association between the highest serum cotinine tertile and rhinitis in active smokers (OR 1.42; 95%CI 1.00-2.00). The association between active smoking and rhinitis was stronger in individuals without allergic sensitization (OR 2.47; 95%CI 1.44-4.23). There was a statistically significant association between increasing cotinine tertiles and decreased odds of inhaled allergen sensitization (p-trend &lt;.01). CONCLUSION: Tobacco smoke exposure was associated with increased prevalence of rhinitis symptoms, but not with allergic sensitization. The results indicate that the relationship between tobacco smoke exposure and sinonasal pathology in adults may be independent of allergic sensitization.</subfield>
   </datafield>
   <datafield ind1="8" ind2=" " tag="024">
      <subfield code="a">PLoS One. 2015 Jul 14;10(7):e0131957</subfield>
   </datafield>
   <datafield ind1="8" ind2=" " tag="024">
      <subfield code="a">1932-6203</subfield>
   </datafield>
   <datafield ind1="8" ind2=" " tag="024">
      <subfield code="a">http://hdl.handle.net/20.500.12105/6771</subfield>
   </datafield>
   <datafield ind1="8" ind2=" " tag="024">
      <subfield code="a">26172447</subfield>
   </datafield>
   <datafield ind1="8" ind2=" " tag="024">
      <subfield code="a">10.1371/journal.pone.0131957</subfield>
   </datafield>
   <datafield ind1="8" ind2=" " tag="024">
      <subfield code="a">1932-6203</subfield>
   </datafield>
   <datafield ind1="8" ind2=" " tag="024">
      <subfield code="a">PloS one</subfield>
   </datafield>
   <datafield ind2="0" ind1="0" tag="245">
      <subfield code="a">Allergic Sensitization, Rhinitis and Tobacco Smoke Exposure in US Adults</subfield>
   </datafield>
</record></metadata></record></GetRecord></OAI-PMH>